Canonical marriage preparation in the Igbo tradition in the light of canon 1063 of the 1983 Code of canon law: canonical norms and inculturation

Saved in:  
Bibliographic Details
Main Author: Nwaigwe, Paulinus Chibuike 1975- (Author)
Format: Print Book
Language:English
Subito Delivery Service: Order now.
Check availability: HBZ Gateway
WorldCat: WorldCat
Interlibrary Loan:Interlibrary Loan for the Fachinformationsdienste (Specialized Information Services in Germany)
Published: Frankfurt am Main Lang 2013
In: African theological studies (4 : Kirchenrecht)
Year: 2013
Series/Journal:African theological studies 4 : Kirchenrecht
Standardized Subjects / Keyword chains:B Holy See (motif), Verfasserschaft1, Codex iuris canonici (1983). 1063 / Marriage / Canon law
B Ibo (People) / Traditional culture / Marriage / Marriage
RelBib Classification:NBN Ecclesiology
Further subjects:B Thesis
Online Access: Contents
Table of Contents

MARC

LEADER 00000cam a2200000 c 4500
001 1608780716
003 DE-627
005 20251225193517.0
007 tu
008 140507s2013 gw ||||| m 00| ||eng c
015 |a 14,N02  |2 dnb 
015 |a 14,A06  |2 dnb 
016 7 |a 1045957135  |2 DE-101 
020 |a 9783631647783  |c Pp. : EUR 67.95 (DE) (freier Pr.), EUR 69.90 (AT) (freier Pr.), sfr 77.00 (freier Pr.)  |9 978-3-631-64778-3 
020 |a 3631647786  |9 3-631-64778-6 
024 3 |a 9783631647783 
024 8 |a 264778  |q Best.-Nr. 
035 |a (DE-627)1608780716 
035 |a (DE-576)405146981 
035 |a (DE-599)DNB1045957135 
035 |a (OCoLC)869886407 
040 |a DE-627  |b ger  |c DE-627  |e rakwb 
041 |a eng 
044 |c XA-DE-HE 
082 0 |a 262.944 
082 0 4 |a 230  |a 390  |a 340 
084 |a 1  |2 ssgn 
084 |a LB 41529  |2 rvk  |0 (DE-625)rvk/90550:944 
100 1 |0 (DE-588)1046882570  |0 (DE-627)777292920  |0 (DE-576)400200848  |4 aut  |a Nwaigwe, Paulinus Chibuike  |d 1975- 
109 |a Nwaigwe, Paulinus Chibuike 1975- 
245 1 0 |a Canonical marriage preparation in the Igbo tradition in the light of canon 1063 of the 1983 Code of canon law  |b canonical norms and inculturation  |c Paulinus Chibuike Nwaigwe 
264 1 |a Frankfurt am Main  |b Lang  |c 2013 
300 |a 371 S.  |c 22 cm 
336 |a Text  |b txt  |2 rdacontent 
337 |a ohne Hilfsmittel zu benutzen  |b n  |2 rdamedia 
338 |a Band  |b nc  |2 rdacarrier 
490 1 |a African theological studies  |v Vol. 4  |a Kirchenrecht 
500 |a Zusätzliches Online-Angebot unter DOI 10.3726/978-3-653-03573-5 
502 |a Zugl.: Würzburg, Univ., Diss., 2012 
652 |a NBN 
655 7 |a Hochschulschrift  |0 (DE-588)4113937-9  |0 (DE-627)105825778  |0 (DE-576)209480580  |2 gnd-content 
689 0 0 |d u  |0 (DE-588)7729860-3  |0 (DE-627)702935867  |0 (DE-576)216754976  |a Katholische Kirche  |2 gnd  |4 aut1  |w r  |i Verfasserschaft1  |e Verfasserschaft1  |t Codex iuris canonici  |f 1983  |p 1063 
689 0 1 |d s  |0 (DE-588)4133852-2  |0 (DE-627)105677086  |0 (DE-576)209647361  |2 gnd  |a Ehevorbereitung 
689 0 2 |d s  |0 (DE-588)4073199-6  |0 (DE-627)106093029  |0 (DE-576)209189711  |2 gnd  |a Kanonisches Recht 
689 0 |5 DE-101 
689 1 0 |d s  |0 (DE-588)4072706-3  |0 (DE-627)106094424  |0 (DE-576)20918793X  |2 gnd  |a Ibo  |g Volk 
689 1 1 |d s  |0 (DE-588)4323955-9  |0 (DE-627)128436905  |0 (DE-576)211249572  |2 gnd  |a Traditionale Kultur 
689 1 2 |d s  |0 (DE-588)4013630-9  |0 (DE-627)106342541  |0 (DE-576)208904859  |2 gnd  |a Ehe 
689 1 3 |d s  |0 (DE-588)4133852-2  |0 (DE-627)105677086  |0 (DE-576)209647361  |2 gnd  |a Ehevorbereitung 
689 1 |5 DE-101 
751 |a Würzburg  |0 (DE-588)4067037-5  |0 (DE-627)10611073X  |0 (DE-576)209167939  |4 uvp 
830 0 |a African theological studies  |v 4 : Kirchenrecht  |9 4  |w (DE-627)763924415  |w (DE-576)392602512  |w (DE-600)2729711-1  |x 2196-0615  |7 am 
856 4 2 |u http://d-nb.info/1045957135/04  |m B:DE-101  |q application/pdf  |3 Inhaltsverzeichnis  |7 1 
856 4 2 |u http://deposit.dnb.de/cgi-bin/dokserv?id=4558086&prov=M&dok_var=1&dok_ext=htm  |m X:MVB  |q text/html  |3 Inhaltstext  |7 1 
935 |a mteo 
936 r v |a LB 41529  |b Benin, Nigeria, Kamerun, Äquatorial-Guinea, Gabun  |k Sozial- und Kulturanthropologie. Empirische Kulturwissenschaft  |k Soziale und politische Organisation und Praxis  |k Familie und Verwandtschaft  |k Afrika  |k Subsaharisches Afrika  |k Zentralafrika  |k West- und zentralafrikanische Küstenländer  |k Benin, Nigeria, Kamerun, Äquatorial-Guinea, Gabun  |0 (DE-627)1272678660  |0 (DE-625)rvk/90550:944  |0 (DE-576)202678660 
951 |a BO 
CAL |a 210630000_210639999 
CAN |a 1 
ELC |b 1 
LOK |0 000 xxxxxcx a22 zn 4500 
LOK |0 001 3139377029 
LOK |0 003 DE-627 
LOK |0 004 1608780716 
LOK |0 005 20191004114031 
LOK |0 008 170406||||||||||||||||ger||||||| 
LOK |0 040   |a DE-Tue135  |c DE-627  |d DE-Tue135 
LOK |0 092   |o n 
LOK |0 852   |a DE-Tue135 
LOK |0 852 1  |9 00 
LOK |0 866   |x 6700 maschinelles Mapping DDC 262.944 [262 in Mappingtabelle] >> IxTheo-Klassifikation !1442052414!. - 6700 maschinelles Mapping DDC262.944 [262 in Mappingtabelle] >> IxTheo-Klassifikation !37205241X! 
LOK |0 935   |a ixbt 
LOK |0 936ln  |0 1442052414  |a NBN 
LOK |0 936ln  |0 1442052414  |a NBN 
LOK |0 939   |a 06-04-17  |b l01 
ORI |a SA-MARC-ixtheoa001.raw 
REL |a 1 
STA 0 0 |a Canon law,Ecclesiastical law,Catholic church law,Church law,Marriage,Marriage,Marriage,Marital life,Matrimony,Married people,Marriage,Marriage in literature,Traditional culture 
STB 0 0 |a Culture traditionnelle,Civilisation traditionnelle,Civilisation traditionnelle,Droit canonique,Mariage,Mariage,Couples,Psychologie du couple,Préparation au mariage 
STC 0 0 |a Cultura tradicional,Curso de novios,Derecho canónico,Matrimonio,Matrimonio,Matrimonio 
STD 0 0 |a Cultura tradizionale,Civiltà tradizionale,Civiltà tradizionale,Diritto canonico,Matrimonio,Matrimonio,Preparazione al matrimonio 
STE 0 0 |a 婚姻,婚姻,教会法 
STF 0 0 |a 婚姻,婚姻,教會法 
STG 0 0 |a Cultura tradicional,Curso de noivos,Direito canônico,Matrimônio,Matrimônio 
STH 0 0 |a Брак (мотив),Брак,Каноническое право,Подготовка к браку,Традициональная культура 
STI 0 0 |a Γάμος (μοτίβο),Γάμος,Κανονικό Δίκαιο,Εκκλησιαστικό Δίκαιο,Παραδοσιακός πολιτισμός,Προετοιμασία γάμου 
SUB |a CAN  |a REL 
SYG 0 0 |a Katholisches Kirchenrecht , Igbo , Traditionelle Kultur , Eheleben,Ehen